| 000 | 00328 a2200121 4500 | ||
|---|---|---|---|
| 003 | Nust | ||
| 005 | 20170207154601.0 | ||
| 040 | _cNust | ||
| 082 | _a025.34 | ||
| 245 | _aBetter english pronunciation : Units : 8-39, side 1: units: 41-63, side 2 | ||
| 505 | _aAlmirah No.73 shelf No.6 | ||
| 650 | _aEnglish learning | ||
| 651 | _aBetter english pronunciation | ||
| 999 |
_c198611 _d198611 |
||